| 000 | 00753nam a22001817a 4500 | ||
|---|---|---|---|
| 003 | OSt | ||
| 005 | 20251206165119.0 | ||
| 008 | 251206b |||||||| |||| 00| 0 eng d | ||
| 040 | _cDCL | ||
| 082 | _a၂၉၄.၃၈၂၄ | ||
| 100 | 0 |
_aဇနကာဘိဝံသ၊ _cအရှင်။ |
|
| 245 | 1 |
_aအခြေပြုသင်္ဂြိုဟ် / _cအရှင် ဇနကာဘိဝံသ။ |
|
| 250 | _aဧကာဒသမအကြိမ်။ | ||
| 260 |
_aအမရပူရ ၊ _bမဟာဂန္ဓာရုံစာပေ၊ _c၂၀၀၄။ |
||
| 300 |
_aစ၊ ၆၃၄ စာမျက်နှာ ၊ _c၁၈ စင်တီ။ |
||
| 650 | _aသင်္ဂြိုဟ် | ||
| 942 |
_2ddc _cSHORT TERM _n0 |
||
| 999 |
_c2666 _d2666 |
||